<?xml version="1.0" encoding="UTF-8"?>
<record
    xmlns:xsi="http://www.w3.org/2001/XMLSchema-instance"
    xsi:schemaLocation="http://www.loc.gov/MARC21/slim http://www.loc.gov/standards/marcxml/schema/MARC21slim.xsd"
    xmlns="http://www.loc.gov/MARC21/slim">

  <leader>00775nab a2200205uuc4500</leader>
  <controlfield tag="001">1345628</controlfield>
  <controlfield tag="005">20240202113614.0</controlfield>
  <controlfield tag="008">131003m01uu2013                    spa  </controlfield>
  <datafield tag="035" ind1=" " ind2=" ">
    <subfield code="a">1345628</subfield>
  </datafield>
  <datafield tag="040" ind1=" " ind2=" ">
    <subfield code="c">comduadb</subfield>
  </datafield>
  <datafield tag="041" ind1=" " ind2=" ">
    <subfield code="a">spa</subfield>
  </datafield>
  <datafield tag="100" ind1="1" ind2="0">
    <subfield code="a">Gon&#xE7;alves, Fernanda do Carmo</subfield>
    <subfield code="4">aut</subfield>
    <subfield code="e">aut</subfield>
    <subfield code="9">667788</subfield>
  </datafield>
  <datafield tag="245" ind1="1" ind2="0">
    <subfield code="a">Creatividad en el aula : percepciones de alumnos superdotados y no-superdotados</subfield>
  </datafield>
  <datafield tag="650" ind1=" " ind2=" ">
    <subfield code="a">Estudiantes superdotados</subfield>
    <subfield code="9">19086</subfield>
  </datafield>
  <datafield tag="650" ind1=" " ind2=" ">
    <subfield code="a">Salones de clase</subfield>
    <subfield code="9">84034</subfield>
  </datafield>
  <datafield tag="650" ind1=" " ind2=" ">
    <subfield code="a">Creatividad en educaci&#xF3;n</subfield>
    <subfield code="9">17393</subfield>
  </datafield>
  <datafield tag="700" ind1="1" ind2="0">
    <subfield code="a">Fleith, Daniese de Souza</subfield>
    <subfield code="4">aut</subfield>
    <subfield code="e">aut</subfield>
    <subfield code="9">667789</subfield>
  </datafield>
  <datafield tag="773" ind1="0" ind2=" ">
    <subfield code="t">Revista de Psicolog&#xED;a (Pontificia universidad Cat&#xF3;lica del Per&#xFA;)</subfield>
    <subfield code="g">Volumen 31, N&#xFA;mero 01, Enero-Junio 2013, p. 37-66</subfield>
    <subfield code="w">607617</subfield>
    <subfield code="x">0254-9247</subfield>
    <subfield code="0">181725</subfield>
  </datafield>
  <datafield tag="942" ind1=" " ind2=" ">
    <subfield code="c">ARIMP</subfield>
  </datafield>
  <datafield tag="999" ind1=" " ind2=" ">
    <subfield code="c">668298</subfield>
    <subfield code="d">668298</subfield>
  </datafield>
</record>
